000 00916nam1a22002171i 4500
001 v19\rc\1311874
005 20241225200704.0
035 _a(NLR Aleph) 004468343
090 _a4550395
_c4550395
100 _a20060512g18991901|||y0rusy50 ca
101 0 _arus
102 _aRU
105 _ay z |||||
200 1 _aНекоторые отзывы об усовершенствованных локомобилях и паровых молотилках завода Клейтона и Шутльворта в Линкольне, проданных из складов т-ва М. Гельферих-Саде
_fТ-во М. Гельферих-Саде в Харькове
210 _aХарьков
_dценз. 1899-1901
309 _aБез тит. л. и обл.
801 0 _aRU
_bNLR
_gpsbo
801 1 _aRU
_bProSoft-M
_2rusmarc
852 _aNLR
_j34.83.2.253
852 _aNLR
_j+Шифры разные
942 _cBOOK